1637 1985 1538 1595 1751 1571 1434 1734 1081 1762 1612 1819 1302 1330 1107 1005 1273 1024 1846 1411 1032 1003 1335 1737 1652 1357 1406 1800 1884 1739 1850 1736 1736 1934 1379 1176 1326 1879 1918 1078 1112 1834 1611 1226 1763 1486 1710 1736 1983 1025 1014 1774 1382 1003 1267 1870 1517 1899 1338 1624 1089 1714 1332 1243 1119 1676 1471 1475 1101 1153 1560 1749 1727 1205 1771 1165 1939 1659 1329 1585 1171 1582 1711 1495 1535 1181 1672 1171 1576 1464 1206 1207 1509 1415 1769 1286 1262 1581 1925 BCNSPRNW ULIB Ver.6.0+V

เปลี่ยนเป็นภาษาไทย

Change to English
 แสดงรายละเอียดบรรณานุกรม
  กลับหน้าหลัก

Brief Record : Get Marc (ISO 2709) : E-mail record : QR code < ปิดหน้าต่าง
LEADER : 00000nam 2200000uu 4500
001    13399112691
003     ULIB
008    110627s2553||||th 000 0 tha d
020    9786160600908
090    นว.^bน189ค 2553
100 0  นภชล
245 00 ความรู้สึกดีที่เรียกว่ารัก : ต่างมุมรัก/^cนภชล
250    พิมพ์ครั้งที่ 2
260    กรุงเทพฯ :^bแจ่มใส,^c2553
300    278 หน้า
710 1  แจ่มใส
945    ^p199^l0^i028069
995    ทศพร
999 ^a ใช้งานได้ทุกระบบ
รายการนี้ยังไม่มีแท็ก
คุณยังไม่ได้ล็อกอิน คุณสามารถมีกิจกรรมร่วมกับเว็บไซต์ได้ แต่ต้องล็อกอินก่อน ::
  ล็อกอิน

รายการสื่อสารสนเทศ

ลำดับที่ ประเภท เลขเรียก/บาร์โค้ด สถานที่ สถานะ
- ไม่พบข้อมูล -

รายการใกล้เคียง
    ผู้แต่ง [นภชล]

BibComment


ยังไม่เคยถูกคอมเมนท์

คอมเมนท์ทรัพยากรรายการนี้
  คอมเมนท์: ความรู้สึกดีที่เร..


 Copyright 2026. Bcnsprnw @Library